Music Quiz

Random Music Quiz

So Fresh: The Hits of Spring 2010 Tracklist Quiz Stats

 Plays Quiz not verified by Sporcle

Challenge
Share
Tweet
Embed
Score 0/20 Timer 03:00
0 Plays Today
Track No. Title % Correct
1I Like It
75%
2Dynamite
62.5%
15Hello
62.5%
3DJ Got Us Fallin' in Love
50%
8Choose You
50%
9If It's Love
50%
13Cooler Than Me
50%
17Misery
50%
4Take It Off
37.5%
5Love the Fall
37.5%
Track No. Title % Correct
6Holiday
37.5%
7Rockstar 101
37.5%
10Young at Heart
37.5%
11Dance the Way I Feel
37.5%
12Somebody to Love
37.5%
14Baby, I'm Gettin' Better
37.5%
16All Night Long
37.5%
18Always Be Here
37.5%
19Hands Off
37.5%
20Grace
37.5%

You're not logged in!

Compare scores with friends on all Sporcle quizzes.
Join for Free
OR
Log In

You Might Also Like...

Show Comments

Extras

Top Quizzes Today


Score Distribution

Your Account Isn't Verified!

In order to create a playlist on Sporcle, you need to verify the email address you used during registration. Go to your Sporcle Settings to finish the process.

Report this User

Report this user for behavior that violates our Community Guidelines.

Details: